000 00350nam a2200157Ia 4500
003 OSt
005 20240312123744.0
008 170523s9999 xx 000 0 und d
020 _a978-8120309081
040 _ciimtu meerut
100 _aPETER M
245 4 _aTHE ESSENCE OF MARKETING RESEARCH
260 _bPHI
260 _c2003
942 _2ddc
_c02
999 _c1546
_d1546